• 首页
  • 本馆介绍
  • 公告通知
  • 最新文献
  • 馆藏检索
  • 电子资源
  • 读者导购
  • 参考咨询
  • 我的图书馆
  • 登录
  • 详细信息显示
  • 放入我的书架
  • 预约/预借图书
  • 作者相关作品
  • 分类相关作品
  • 丛书相关作品
  • 出版社相关作品

书目信息

  • 表格格式
  • 工作单格式
  • 卡片格式
题名:
乒乓球旋转的技巧
    
 
作者: 张博 , 詹丽来 编著
分册:  
出版信息: 北京   人民体育出版社  2001
页数: 228页
开本: 19cm
丛书名:
单 册:
中图分类: G846.19
科图分类:
主题词: 乒乓球运动--旋转球--运动技术
电子资源:
ISBN: 7-5009-2077-6
000 00623nam0 2200205 45
001 0312011540
005 20031219104122.2
010    @a7-5009-2077-6@dCNY12.00
100    @a20031201d2001 km y0chiy0120 ea
101 0  @achi
105    @aa z 000yy
200 1  @a乒乓球旋转的技巧@APing Pang Qiu Xuan Zhuan De Ji Qiao@f张博,詹丽来编著@FZhang Bo,Zhan Li Lai Bian Zhu
210    @a北京@c人民体育出版社@d2001
215    @a228页@c插图@d19cm
606 0  @a乒乓球运动@x旋转球@x运动技术
690    @aG846.19@v4
701  0 @a张博@4编著
701  0 @a詹丽来@4编著
801    @aCN@bTSTC@c20031201
905    @b329182-185@dG846.19@e133@f4
    
    乒乓球旋转的技巧/张博,詹丽来编著.-北京:人民体育出版社,2001
    228页:插图;19cm
    
    
    ISBN 7-5009-2077-6:CNY12.00
    
●
相关链接 在E读中查询图书 在五车中查询图书 在当当中查询图书 在豆瓣中查询图书


正题名:乒乓球旋转的技巧     索取号:G846.19/133         预约/预借

序号 登录号 条形码 馆藏地/架位号 状态 备注
1 0329182   203291829   第四借阅区/ [索取号:G846.19/133] 在馆    
2 0329183   203291838   第四借阅区/ [索取号:G846.19/133] 在馆    
3 0329184   203291847   第四借阅区/ [索取号:G846.19/133] 在馆    
4 0329185   203291856   第一样本阅览室/ [索取号:G846.19/133] 在馆    
唐山师范学院图书馆 欢迎您!
大连网信软件有限公司© 版权所有